Odvod za neplnenie povinného podielu zamestnávania občanov so zmenenou pracovnou schopnosťou

Povinnosť zamestnávať občanov so zmenenou pracovnou schopnosťou. Nutnosť komunikácie zamestnávateľa s príslušným úradom práce. Práva zamestnávateľov vo vzťahu k povinnosti platiť odvod.

Salvato in:
Dettagli Bibliografici
Autore principale: Nahálka, Igor
Natura: Capitolo di libro
Lingua:slovacco
Soggetti:
Tags: Aggiungi Tag
Nessun Tag, puoi essere il primo ad aggiungerne!!

MARC

LEADER 00000naa a2200000 4500
001 r038029
005 20231003083527.8
041 0 |a slo 
044 |a SK 
245 1 0 |a Odvod za neplnenie povinného podielu zamestnávania občanov so zmenenou pracovnou schopnosťou  |c Igor Nahálka 
520 |a Povinnosť zamestnávať občanov so zmenenou pracovnou schopnosťou. Nutnosť komunikácie zamestnávateľa s príslušným úradom práce. Práva zamestnávateľov vo vzťahu k povinnosti platiť odvod. 
610 2 0 |a pomer pracovný 
610 2 0 |a schopnosti pracovné zmenené 
610 2 0 |a občania 
610 2 0 |a povinnosti zamestnávateľov 
610 2 0 |a odvody 
610 2 0 |a úrady práce 
100 1 |a Nahálka, Igor